| 000 | 00477nam a2200169 a 4500 | ||
|---|---|---|---|
| 005 | 20210219145904.0 | ||
| 008 | 991125s1960 ag 000 0 spa u | ||
| 035 | _aUPN01000003171 | ||
| 049 | _aCG | ||
| 050 | 4 |
_aPS659 _bA83 |
|
| 245 | 0 | 0 |
_aAntologĂa de la prosa norteamericana / _cAlbert Harkness ... [et al.]. |
| 260 |
_aBuenos Aires : _bSur, _c1960. |
||
| 300 | _a379 p. | ||
| 650 | 4 | _aPROSA LITERARIA ESTADOUNIDENSE | |
| 700 | 1 |
_aHarkness, Albert, _ecoaut. |
|
| 905 | _aLibro | ||
| 999 |
_c3171 _d3171 |
||